000 00372 a2200145 4500
999 _c4214
_d4214
020 _a0340846550
050 _aPE1128HAC2002
100 _aHackman, Sue
245 _aNew hodder English Gold 1 /
_cSue Hackman and Alan Howe
264 _aOxon
_bHodder & Stoughton
_c2002
300 _a176p.
500 _aInclude index
650 _aEnglish
942 _2lcc
_cBK
_h1128
_iHAC
_kPE